Ibn ʻArabi : heir to the prophets (Record no. 266687)

MARC details
000 -LEADER
fixed length control field 00629nam a2200217Ia 4500
008 - FIXED-LENGTH DATA ELEMENTS--GENERAL INFORMATION
fixed length control field 191130s2005##################000#0#eng##
020 ## - INTERNATIONAL STANDARD BOOK NUMBER
ISBN 9781851685110
082 ## - DEWEY DECIMAL CLASSIFICATION NUMBER
Classification number 297.4092 CHI
100 ## - MAIN ENTRY--AUTHOR NAME
Personal name Chittick, William C
245 ## - TITLE STATEMENT
Title Ibn ʻArabi : heir to the prophets
Statement of responsibility, etc William C. Chittick
260 ## - PUBLICATION, DISTRIBUTION, ETC. (IMPRINT)
Place of publication Oxford
Name of publisher Oneworld
Year of publication ©2005
300 ## - PHYSICAL DESCRIPTION
Number of Pages vii, 152 p. ; 23 cm
500 ## - GENERAL NOTE
General note Includes index
650 ## - SUBJECT ADDED ENTRY--TOPICAL TERM
Topical Term Ibn al-ʻArabī, -- 1165-1240
Topical Term Ibn-al-Arabi, Muhji-ad-Din
Topical Term Sufis -- Biography
991 ## -
-- 251743
Holdings
Withdrawn status Lost status Damaged status Not for loan Home library Current library Shelving location Date acquired Full call number Accession Number Price effective from Koha item type
        Anna Centenary Library Anna Centenary Library 3RD FLOOR, B WING 13.10.2020 297.4092 CHI 492807 13.10.2020 English Books

Find us on the map